Guess the lyrics (#57) - Statistics

General Stats
  • This quiz has been taken 145 times
    110 since last reset
  • The average score is 59 of 120
Answer Stats
Answer % Correct
the
94%
The
94%
you
89%
and
82%
we
78%
are
74%
to
74%
Your
73%
on
72%
is
70%
who
69%
So
66%
for
63%
of
63%
Love
58%
What
58%
no
57%
up
57%
If
56%
I'm
56%
All
54%
all
54%
get
53%
We're
52%
night
51%
too
49%
this
47%
Like
43%
from
42%
good
42%
lucky
42%
some
40%
has
38%
with
38%
give
37%
sun
37%
come
36%
our
35%
want
35%
fun
31%
let's
30%
She's
28%
We've
28%
far
26%
stars
25%
til
21%
beginning
20%
feeling?
20%
raise
20%
bar
19%
ends
17%
phoenix
17%
legend
16%
leave,
15%
ready
15%
keeps
13%
cups
12%
beginnings
11%
givin'
11%
planet
11%
ribbon
11%
spinning
11%
present
10%
force
8%
gift
7%
No matching quizzes found
Score Distribution
Percent of People with Each Score
Percentile by Number Answered
Your Score History
You have not taken this quiz since the last reset